000
00327pab a2200145 454500
008
180718b1999 xxu||||| |||| 00| 0 eng d
100
_a
Garger, Eileen M.
245
_a
Goodby training, hello learning
260
_c
1999
300
_a
p.35-42
362
_a
Nov
650
_a
Training
773
_a
Workforce
909
_a
43355
999
_c
43355
_d
43355